BSOP header

Like Christ : (Record no. 47836)

MARC details
000 -LEADER
fixed length control field 00628nam a2200217Ia 4500
001 - CONTROL NUMBER
control field ocm08560343
005 - DATE AND TIME OF LATEST TRANSACTION
control field 20190822141059.0
008 - FIXED-LENGTH DATA ELEMENTS--GENERAL INFORMATION
fixed length control field 820629s1895 nyu 00000 eng d
040 ## - CATALOGING SOURCE
Original cataloging agency KWW
Transcribing agency KWW
Modifying agency WTS
049 ## - LOCAL HOLDINGS (OCLC)
Holding library LESC
100 10 - MAIN ENTRY--PERSONAL NAME
Personal name Murray, Andrew,
Dates associated with a name 1828-1917.
9 (RLIN) 1577
245 10 - TITLE STATEMENT
Title Like Christ :
Remainder of title thoughts on the blessed life of conformity to the Son of God /
Statement of responsibility, etc Andrew Murray.
260 0# - PUBLICATION, DISTRIBUTION, ETC. (IMPRINT)
Place of publication, distribution, etc Springdale PA :
Name of publisher, distributor, etc Whitaker House,
Date of publication, distribution, etc [1981]
300 ## - PHYSICAL DESCRIPTION
Extent vii, 235 p.;
Dimensions 17 cm.
336 ## - CONTENT TYPE
Content Type Term text
337 ## - MEDIA TYPE
Media Type Term unmediated
338 ## - CARRIER TYPE
Carrier Type Term volume
650 #0 - SUBJECT ADDED ENTRY--TOPICAL TERM
Topical term or geographic name as entry element Devotional literature
650 #0 - SUBJECT ADDED ENTRY--TOPICAL TERM
Topical term or geographic name as entry element Meditations
942 ## - ADDED ENTRY ELEMENTS (KOHA)
Source of classification or shelving scheme Library of Congress Classification
Item type Books
Holdings
Withdrawn status Lost status Source of classification or shelving scheme Damaged status Not for loan Home library Current library Shelving location Date acquired Inventory number Total Checkouts Full call number Barcode Date last seen Price effective from Koha item type
    Library of Congress Classification     BSOP Library BSOP Library GC 08/22/2019 1217   BV4832 M96l 00008256 08/22/2019 08/22/2019 Books
BSOP

Biblical Seminary of the Philippines
  All rights Reserved
  © 2024

CONTACT INFORMATION

Biblical Seminary of the Philippines,
  77-B Karuhatan Road, Valenzuela City,
  PHILIPPINES 1441
  Phone: +632 8292-6795 / 8292-6798
  Fax : +632 8292-6675
  Email: library@bsop.edu.ph